[Event "12th World Teams Women"]
[Site "Astana KAZ"]
[Date "2019.03.14"]
[Round "9.4"]
[Board "2"]
[White "Mkrtchian, Lilit"]
[Black "Assaubayeva, Bibisara"]
[Result "1-0"]
[WhiteTitle "IM"]
[BlackTitle "FM"]
[WhiteElo "2390"]
[BlackElo "2376"]
[WhiteTeam "Armenia"]
[BlackTeam "Kazakhstan"]
[WhiteFideId "13300601"]
[BlackFideId "13708694"]
[EventDate "2019.03.05"]

1. d4 d5 2. c4 e6 3. Nc3 Nf6 4. cxd5 exd5 5. Bg5 Be7 6. e3 c6 7. Bd3 O-O 8. Qc2
Nbd7 9. Nf3 h6 10. Bf4 Nh5 11. Be5 Nxe5 12. Nxe5 Nf6 13. h3 Bd6 14. f4 c5 15. g4
c4 16. Be2 b5 17. Bf3 Qa5 18. O-O Bb7 19. a3 Rad8 20. Qg2 Qb6 21. h4 g5 22. hxg5
hxg5 23. fxg5 Ne4 24. Bxe4 dxe4 25. Rf6 Qa5 26. Qh2 Bxe5 27. dxe5 Rfe8 28. g6 1-0

[Event "12th World Teams Women"]
[Site "Astana KAZ"]
[Date "2019.03.14"]
[Round "9.4"]
[Board "3"]
[White "Nakhbayeva, Guliskhan"]
[Black "Sargsyan, Anna M."]
[Result "1-0"]
[WhiteTitle "IM"]
[BlackTitle "WFM"]
[WhiteElo "2295"]
[BlackElo "2340"]
[WhiteTeam "Kazakhstan"]
[BlackTeam "Armenia"]
[WhiteFideId "13704788"]
[BlackFideId "13308130"]
[EventDate "2019.03.05"]

1. d4 d5 2. c4 c6 3. Nf3 Nf6 4. e3 Bg4 5. h3 Bxf3 6. Qxf3 e6 7. Nc3 Nbd7 8. Bd3
Bb4 9. O-O O-O 10. a3 Bd6 11. cxd5 exd5 12. b4 a6 13. Rb1 Qe7 14. Bd2 Rfe8 15.
Rfd1 Nf8 16. Na4 Ne6 17. h4 g5 18. hxg5 Nxg5 19. Qf5 Nge4 20. Nc5 Rab8 21. Be1
Bc7 22. Rb2 Kh8 23. Re2 Rg8 24. f4 Ng3 25. Bxg3 Rxg3 26. Nd7 Qxd7 27. Qxf6+ Rg7
28. Bf5 Qd6 29. Qxd6 Bxd6 30. Kf2 Ra8 31. Rb1 f6 32. a4 Re7 33. Kf3 Kg7 34. g4
h6 35. Rc2 Kf7 36. Rb3 Kg7 37. Rcc3 a5 38. b5 Bb4 39. Rc2 cxb5 40. axb5 Bd6 41.
b6 Bb4 42. Rb1 Ra6 43. Rh1 Ra8 44. Rch2 Rh8 45. g5 fxg5 46. fxg5 a4 47. Rxh6
Rxh6 48. gxh6+ Kh8 49. Rc1 Re8 50. Rc7 Bd2 51. Rxb7 Rxe3+ 52. Kg4 Re8 53. Rh7+
Kg8 54. b7 a3 55. Re7 Rb8 56. h7+ Kh8 57. Rc7 1-0

[Event "12th World Teams Women"]
[Site "Astana KAZ"]
[Date "2019.03.14"]
[Round "9.4"]
[Board "4"]
[White "Gevorgyan, Maria"]
[Black "Dauletova, Gulmira"]
[Result "0-1"]
[WhiteTitle "WIM"]
[BlackTitle "WIM"]
[WhiteElo "2264"]
[BlackElo "2263"]
[WhiteTeam "Armenia"]
[BlackTeam "Kazakhstan"]
[WhiteFideId "13300270"]
[BlackFideId "13702971"]
[EventDate "2019.03.05"]

1. e4 c5 2. Nc3 e6 3. f4 d5 4. Bb5+ Bd7 5. Bxd7+ Qxd7 6. d3 Nc6 7. Nf3 d4 8. Ne2
Nf6 9. O-O Be7 10. Ng3 h5 11. Ne5 Nxe5 12. fxe5 Ng4 13. Nxh5 Nxh2 14. Nxg7+ Kf8
15. Rf2 Bh4 16. Nh5 Bxf2+ 17. Kxf2 f5 18. exf6 e5 19. Ng3 Kf7 20. Nf5 Rag8 21.
c3 Ng4+ 22. Kf3 Kxf6 23. cxd4 cxd4 24. Bd2 Qh7 25. Ke2 Ne3 26. Nxe3 Qh5+ 27. Ke1
dxe3 28. Bxe3 Rxg2 29. Qxh5 Rxh5 30. Kf1 Rxb2 31. Bxa7 Rh1+ 32. Bg1 Kg5 33. a4
Kg4 34. Re1 Rd2 35. a5 Kf4 36. d4 exd4 37. Rb1 Kf3 38. Rb3+ d3 39. Ke1 Re2+ 40.
Kf1 Rf2+ 0-1

[Event "12th World Teams Women"]
[Site "Astana KAZ"]
[Date "2019.03.14"]
[Round "9.5"]
[Board "1"]
[White "Nemcova, Katerina"]
[Black "Wafa, Shahenda"]
[Result "1/2-1/2"]
[WhiteTitle "WGM"]
[BlackTitle "WGM"]
[WhiteElo "2315"]
[BlackElo "2175"]
[WhiteTeam "United States of America"]
[BlackTeam "Egypt"]
[WhiteFideId "322750"]
[BlackFideId "10609962"]
[EventDate "2019.03.05"]

1. Nf3 f5 2. d3 d5 3. c4 c6 4. Nbd2 Nf6 5. g3 e6 6. Bg2 Bd6 7. O-O O-O 8. b3
Nbd7 9. Bb2 Qe8 10. e4 fxe4 11. dxe4 dxe4 12. Ng5 e3 13. fxe3 Bc5 14. Qe2 Qh5
15. Qxh5 Bxe3+ 16. Kh1 Nxh5 17. Nde4 Ndf6 18. Rae1 Bb6 19. c5 Ba5 20. Re2 h6 21.
Nxf6+ Nxf6 22. Nxe6 Re8 23. Nf4 Rxe2 24. Nxe2 Bg4 25. Nf4 Re8 26. h3 Bc8 27.
Bxf6 gxf6 28. Nh5 Re5 29. Nxf6+ Kg7 30. a3 Bd8 31. Ne4 Bxh3 32. Bxh3 Rxe4 33.
Rd1 Bf6 34. Rd7+ Re7 35. Rxe7+ 1/2-1/2

[Event "12th World Teams Women"]
[Site "Astana KAZ"]
[Date "2019.03.14"]
[Round "9.5"]
[Board "3"]
[White "Foisor, Sabina-Francesca"]
[Black "Moaataz, Ayah"]
[Result "1-0"]
[WhiteTitle "WGM"]
[BlackTitle "WIM"]
[WhiteElo "2276"]
[BlackElo "2036"]
[WhiteTeam "United States of America"]
[BlackTeam "Egypt"]
[WhiteFideId "1212915"]
[BlackFideId "10615873"]
[EventDate "2019.03.05"]

1. d4 d5 2. c4 e6 3. Nc3 Nf6 4. cxd5 exd5 5. Bg5 Be7 6. e3 O-O 7. Bd3 Nbd7 8.
Nge2 Re8 9. Qc2 c6 10. O-O Nf8 11. f3 g6 12. Rad1 Ne6 13. Bh4 b6 14. Kh1 Bd7 15.
Qc1 Ng7 16. e4 dxe4 17. fxe4 Ng4 18. Bxe7 Qxe7 19. h3 Nf6 20. Rf3 Rf8 21. Rdf1
Nfe8 22. Ng3 Ne6 23. Nf5 gxf5 24. exf5 f6 25. fxe6 Bxe6 26. Qh6 Rf7 27. Re1 Qd6
28. Ne4 Qxd4 29. Nxf6+ Rxf6 30. Rg3+ Kf7 31. Qxh7+ Kf8 32. Rg8+ 1-0

[Event "12th World Teams Women"]
[Site "Astana KAZ"]
[Date "2019.03.14"]
[Round "9.5"]
[Board "4"]
[White "Elansary, Eman"]
[Black "Wu, Rochelle"]
[Result "0-1"]
[WhiteTitle "WIM"]
[BlackTitle "WCM"]
[WhiteElo "1944"]
[BlackElo "2120"]
[WhiteTeam "Egypt"]
[BlackTeam "United States of America"]
[WhiteFideId "10606700"]
[BlackFideId "30908132"]
[EventDate "2019.03.05"]

1. d4 d5 2. Nf3 Nf6 3. e3 Bf5 4. c4 e6 5. Nc3 c6 6. Be2 Nbd7 7. O-O Bd6 8. b3
O-O 9. Bb2 h6 10. Rc1 Qe7 11. Nh4 Be4 12. Nxe4 dxe4 13. g3 Rad8 14. f4 c5 15.
Qc2 cxd4 16. exd4 b6 17. Ng2 Ba3 18. Rcd1 Nb8 19. Ba1 Nc6 20. Ne3 Rd7 21. Rd2
Rfd8 22. Rfd1 Bb4 23. Bc3 Bxc3 24. Qxc3 Qb4 25. Qb2 Nxd4 26. Kf2 Nf5 27. Rxd7
Rxd7 28. Rxd7 Nxd7 29. g4 Nxe3 30. Kxe3 f5 31. Qd2 Qxd2+ 32. Kxd2 g5 33. Ke3 Kf7
34. b4 Kf6 35. a4 gxf4+ 36. Kxf4 Ne5 37. gxf5 exf5 38. Ke3 Nc6 39. b5 Na5 40.
Kd4 Ke6 41. Bd1 Nb7 42. h3 Kd6 43. Bh5 Nc5 44. Bg6 Ne6+ 45. Ke3 Ke5 46. h4 f4+
47. Ke2 Kd4 48. Bf5 f3+ 49. Kf2 Nc5 0-1